| 000 | 00560nam a22002057a 4500 | ||
|---|---|---|---|
| 003 | OSt | ||
| 005 | 20140310184312.0 | ||
| 008 | 121109t xxu||||| |||| 00| 0 eng d | ||
| 020 | _a9780590436045 | ||
| 050 |
_aPZ 7 _b.W187Co 1990 |
||
| 100 |
_aWard, Cindy. _930227 |
||
| 245 |
_aCookie's week / _cby Cindy Ward, illustrated by Tomie de Paola. |
||
| 260 |
_aNew York : _bScholastic Inc., _c1990 |
||
| 300 |
_bcol. ill. ; _c18 cm. _a[32 p.] |
||
| 521 | _aG1 | ||
| 526 | _c100 | ||
| 650 |
_aCat _xFiction _923343 |
||
| 942 |
_2lcc _cBK-SCHOLAS |
||
| 999 |
_c33539 _d33539 |
||